000 00828nam0a22002531 4500
001 rc\572147
005 20031121162613.2
010 _a5-02-006601-X
_91450
035 _a(NLR Aleph) 005820629
090 _a5475737
_c5475737
100 _a20031121d1988 u |0rusy50 ca
101 0 _arus
102 _aRU
105 _aa |||||||||
200 1 _aУстойчивость эредитарных систем
_fОтв. ред. А.А. Воронов
_gАН СССР, ВНИИ систем. исслед.
210 _aМ.
_cНаука
_d1988
215 _a106, [2] с.
_cил.
_d22
320 _aБиблиогр.: с. 105-107 (65 назв.)
700 1 _aРазумихин
_bБ. С.
_gБорис Сергеевич
801 0 _aRU
_bNLR
_gpsbo
801 1 _aRU
_bELAR
_2rusmarc
852 _aNLR
_j88-5/5586
942 _cBOOK
980 _aNB